| 000 | 00595nam a22001697a 4500 | ||
|---|---|---|---|
| 008 | 210423b ||||| |||| 00| 0 eng d | ||
| 020 | _a9781118622025 | ||
| 082 | _a302.2 MCP | ||
| 100 | _aMcPhail, Thomas L. | ||
| 245 | _aGlobal communication : theories, stakeholders, and trends | ||
| 250 | _aFourth edition. | ||
| 260 |
_bChichester, West Sussex ; Malden, MA : _aWiley/Blackwell., _c2014. |
||
| 300 |
_aix, 326 p. _c25 cm. |
||
| 500 | _a Includes bibliographical references and index. | ||
| 650 | _a Communication, International. Communication--International cooperation. | ||
| 942 | _2ddc | ||
| 999 |
_c8687 _d8688 |
||